[Event "Alekhine"]
[Site "Gatineau CAN"]
[Date "2023.02.07"]
[Round "4"]
[White "Dupont-Mageau, Nicolas"]
[Black "Palsson, Halldor"]
[Result "0-1"]
[WhiteElo "1763"]
[BlackElo "1920"]
[PlyCount "42"]
[EventDate "2023.01.17"]
[EventType "swiss"]
[EventRounds "7"]
[EventCountry "CAN"]

1. e4 e6 2. Nc3 d5 3. Nf3 c5 4. Bb5+ Nc6 5. O-O d4 6. Ne2 Qb6 7. Bxc6+ Qxc6 8.
d3 f6 9. Ng3 Ne7 10. Nd2 Bd7 11. f4 O-O-O 12. Nc4 Kb8 13. Bd2 Nc8 14. a3 b5 15.
Na5 Qc7 16. c4 dxc3 17. Bxc3 Nb6 18. b4 Na4 19. Bd2 Be8 20. Qc2 Qd7 21. Rf3
Qd4+ 0-1

[Event "Alekhine"]
[Site "Gatineau CAN"]
[Date "2023.02.07"]
[Round "4"]
[White "Jacques, Olivier"]
[Black "Seguin, Hubert"]
[Result "0-1"]
[WhiteElo "1291"]
[BlackElo "1528"]
[PlyCount "52"]
[EventDate "2023.01.17"]
[EventType "swiss"]
[EventRounds "7"]
[EventCountry "CAN"]
[TimeControl "90+30"]

1. e4 c5 2. Nf3 d6 3. Bb5+ Nc6 4. O-O a6 5. Be2 b5 6. d4 cxd4 7. Nxd4 Bd7 8.
Nc3 Nf6 9. Bg5 e6 10. Bf3 Ne5 11. Re1 Be7 12. Qd2 O-O 13. Rad1 Ne8 14. Bf4 Nc4
15. Nxe6 Nxd2 16. Nxd8 Nxf3+ 17. gxf3 Rxd8 18. Kh1 Bc6 19. Rg1 f5 20. Nd5 Bxd5
21. exd5 Bf6 22. c3 Nc7 23. Bg5 Bxg5 24. Rxg5 Rde8 25. h4 Re5 26. Rdg1 Ne8 0-1

[Event "Alekhine"]
[Site "Gatineau CAN"]
[Date "2023.02.07"]
[Round "4"]
[White "Latreille, Etienne"]
[Black "Guimond, Michel"]
[Result "1-0"]
[WhiteElo "2082"]
[BlackElo "1879"]
[PlyCount "115"]
[EventDate "2023.01.17"]
[EventType "swiss"]
[EventRounds "7"]
[EventCountry "CAN"]
[TimeControl "90+30"]

1. e4 e6 2. d4 d5 3. Nd2 Nf6 4. e5 Nfd7 5. Bd3 c5 6. c3 Nc6 7. Ne2 b6 8. O-O
Bb7 9. f4 g6 10. Nf3 h6 11. Bd2 c4 12. Bc2 Qc7 13. b3 Na5 14. Qb1 O-O-O 15. Bc1
Kb8 16. Nd2 f5 17. a4 Be7 18. b4 Nc6 19. Ba3 Rde8 20. b5 Na5 21. Bb4 Bc8 22.
Qa2 g5 23. Qa3 Nf8 24. Rf2 Kb7 25. Nf1 Ng6 26. Re1 gxf4 27. Nxf4 Nxf4 28. Rxf4
Bg5 29. Rf3 h5 30. Rb1 Rhg8 31. Bd1 h4 32. h3 Qg7 33. Rf2 Be7 34. Bh5 Bxb4 35.
cxb4 Nb3 36. Rxb3 cxb3 37. Bxe8 Rxe8 38. Qxb3 Bd7 39. Rc2 Rc8 40. Nd2 Qe7 41.
Rxc8 Kxc8 42. Qc3+ Kb7 43. Nf3 Kb8 44. Qe1 a6 45. bxa6 Bxa4 46. Nxh4 Bb5 47.
Nf3 Ka7 48. Qc3 Bxa6 49. h4 Bc4 50. Ng5 Ka6 51. Qd2 Qe8 52. h5 Qxh5 53. Nxe6
Qg6 54. Nf4 Qg5 55. Qe3 Qe7 56. Qa3+ Kb5 57. e6 Kc6 58. b5+ 1-0

[Event "Alekhine"]
[Site "Gatineau CAN"]
[Date "2023.02.07"]
[Round "4"]
[White "Pestieau, Gabriel"]
[Black "Blais, Robert"]
[Result "0-1"]
[WhiteElo "1576"]
[BlackElo "1464"]
[PlyCount "62"]
[EventDate "2023.01.17"]
[EventType "swiss"]
[EventRounds "7"]
[EventCountry "CAN"]
[TimeControl "90+30"]

1. d4 d5 2. c4 c6 3. Nc3 Bf5 4. Qb3 Qd7 5. cxd5 cxd5 6. Qxd5 Nc6 7. e4 Qxd5 8.
Nxd5 Bxe4 9. Nc7+ Kd7 10. Nxa8 Nxd4 11. Kd1 Nc2 12. f3 Bg6 13. Bb5+ Kc8 14. Bf4
Nxa1 15. Ne2 f6 16. Kd2 e5 17. Rxa1 Bb4+ 18. Kd1 exf4 19. Rc1+ Kb8 20. Nc7 Bf7
21. Nxf4 Ne7 22. Nfe6 Bd6 23. Bd7 Bxc7 24. Nxc7 Rd8 25. Nb5 Rxd7+ 26. Ke1 a6
27. Nc3 Nc6 28. Ne4 Bxa2 29. Nc5 Rd6 30. b3 Nb4 31. Ra1 Nc2+ 0-1

[Event "Alekhine"]
[Site "Gatineau CAN"]
[Date "2023.02.07"]
[Round "4"]
[White "Rioux, Jocelyn"]
[Black "Thompson, Francis"]
[Result "0-1"]
[WhiteElo "1618"]
[BlackElo "1741"]
[PlyCount "54"]
[EventDate "2023.01.17"]
[EventType "swiss"]
[EventRounds "7"]
[EventCountry "CAN"]
[TimeControl "90+30"]

1. d4 Nf6 2. Bf4 g6 3. e3 Bg7 4. Nc3 c5 5. d5 d6 6. Nf3 O-O 7. Be2 Nh5 8. Bg3
b5 9. Bxb5 Qa5 10. Be2 Bxc3+ 11. bxc3 Qxc3+ 12. Nd2 Nxg3 13. hxg3 Bf5 14. g4
Be4 15. Bf3 Bxf3 16. gxf3 Nd7 17. O-O Rfb8 18. Ne4 Qc4 19. Qd3 Qxd3 20. cxd3
Ne5 21. Kg2 Nxd3 22. Rh1 Kg7 23. g5 Rb2 24. Rhd1 Nb4 25. a4 Nc2 26. Rab1 Nxe3+
27. Kg3 Nxd1 0-1

[Event "Alekhine"]
[Site "Gatineau CAN"]
[Date "2023.02.14"]
[Round "5"]
[White "Arsenault, Michel"]
[Black "Azar, Sebastien"]
[Result "0-1"]
[WhiteElo "1888"]
[BlackElo "2035"]
[PlyCount "98"]
[EventDate "2023.01.17"]
[EventType "swiss"]
[EventRounds "7"]
[EventCountry "CAN"]
[TimeControl "90+30"]

1. e4 c5 2. Nc3 Nc6 3. g3 g6 4. Bg2 Bg7 5. d3 e6 6. f4 Nge7 7. Nf3 O-O 8. O-O
Nd4 9. Be3 d5 10. Bf2 Rb8 11. Nxd4 cxd4 12. Ne2 Nc6 13. e5 f6 14. Nxd4 fxe5 15.
Nxc6 bxc6 16. fxe5 Bxe5 17. d4 Bg7 18. b3 Qb6 19. c3 Ba6 20. Re1 Rxf2 21. Kxf2
e5 22. Kg1 exd4 23. Re6 dxc3+ 24. Kh1 Rd8 25. Qe1 Bc8 26. Re8+ Bf8 27. Qe7 Rxe8
28. Qxe8 Bf5 29. Rf1 h5 30. h3 Qc7 31. g4 hxg4 32. hxg4 Qh7+ 33. Kg1 Qd7 34.
Qb8 Qc8 35. Qf4 Bc5+ 36. Kh1 Be6 37. Qf6 Qe8 38. Re1 c2 39. Qc3 Qe7 40. Bh3 Qh4
41. Kg2 Qf2+ 42. Kh1 Bd6 43. Bg2 Bc5 44. Kh2 Qh4+ 45. Bh3 Bxg4 46. Rf1 Qxh3+
47. Qxh3 Bd6+ 48. Kg2 Bxh3+ 49. Kxh3 Bf4 0-1

[Event "Alekhine"]
[Site "Gatineau CAN"]
[Date "2023.02.14"]
[Round "5"]
[White "Blais, Robert"]
[Black "Bastien, Andre"]
[Result "0-1"]
[WhiteElo "1464"]
[BlackElo "1766"]
[PlyCount "68"]
[EventDate "2023.01.17"]
[EventType "swiss"]
[EventRounds "7"]
[EventCountry "CAN"]
[TimeControl "90+30"]

1. e4 e5 2. Nf3 Nc6 3. Bc4 Bc5 4. d3 Nf6 5. Bg5 h6 6. Bh4 Be7 7. Nc3 d6 8. h3
O-O 9. Qd2 Na5 10. Bb3 Nxb3 11. axb3 Re8 12. O-O c5 13. Bg3 Be6 14. Ne1 g5 15.
h4 Nh5 16. Bh2 Kg7 17. Ne2 Qd7 18. hxg5 hxg5 19. Ng3 Nf4 20. Ne2 Ng6 21. Nf3 f6
22. c3 Bg4 23. Qe3 Rh8 24. Ne1 Rh6 25. f3 Be6 26. Bg3 Bd8 27. c4 f5 28. exf5
Bxf5 29. Nc3 Nf4 30. Ne4 Be7 31. Kf2 a6 32. Nc2 Rah8 33. b4 Kg6 34. Qd2 d5 0-1

[Event "Alekhine"]
[Site "Gatineau CAN"]
[Date "2023.02.14"]
[Round "5"]
[White "Brault, Jean-Francois"]
[Black "Scantland, Patrick"]
[Result "1-0"]
[WhiteElo "1461"]
[BlackElo "1719"]
[PlyCount "37"]
[EventDate "2023.01.17"]
[EventType "swiss"]
[EventRounds "7"]
[EventCountry "CAN"]
[TimeControl "90+30"]

1. Nf3 Nf6 2. c4 Nc6 3. Nc3 e5 4. d3 Bb4 5. Bd2 O-O 6. e3 d6 7. Be2 Re8 8. O-O
h6 9. Nd5 Bxd2 10. Qxd2 e4 11. Nxf6+ Qxf6 12. Ne1 exd3 13. Nxd3 Bf5 14. Bf3
Bxd3 15. Bxc6 Bxf1 16. Bxe8 Bxc4 17. Ba4 b5 18. Bc2 Qxb2 19. Bh7+ 1-0

[Event "Alekhine"]
[Site "Gatineau CAN"]
[Date "2023.02.14"]
[Round "5"]
[White "Cotillard, Tristan"]
[Black "Pestieau, Gabriel"]
[Result "0-1"]
[WhiteElo "1420"]
[BlackElo "1576"]
[PlyCount "50"]
[EventDate "2023.01.17"]
[EventType "swiss"]
[EventRounds "7"]
[EventCountry "CAN"]
[TimeControl "90+30"]

1. e4 c6 2. d4 d5 3. exd5 cxd5 4. g3 Nc6 5. Bg2 Bf5 6. c3 e6 7. Nf3 Bd6 8. Nbd2
Nge7 9. Nh4 Bd3 10. Nb3 Bc4 11. Qg4 Ng6 12. Nxg6 hxg6 13. Bf4 e5 14. dxe5 Nxe5
15. Bxe5 Bxe5 16. O-O-O Rh5 17. Rhe1 Kf8 18. f4 Bf6 19. Rd2 Rxh2 20. Bxd5 Rxd2
21. Rh1 Qxd5 22. Nxd2 Qxh1+ 23. Kc2 Rd8 24. Nxc4 Qe4+ 25. Kb3 b5 0-1

[Event "Alekhine"]
[Site "Gatineau CAN"]
[Date "2023.02.14"]
[Round "5"]
[White "Filion, Yves"]
[Black "Godbout, Elliott"]
[Result "1-0"]
[WhiteElo "1607"]
[BlackElo "1445"]
[PlyCount "61"]
[EventDate "2023.01.17"]
[EventType "swiss"]
[EventRounds "7"]
[EventCountry "CAN"]
[TimeControl "90+30"]

1. e4 e5 2. Nf3 Nc6 3. Bc4 Bc5 4. c3 Nf6 5. d3 h6 6. O-O d6 7. h3 a6 8. Re1 b5
9. Bb3 O-O 10. d4 exd4 11. cxd4 Bb6 12. Nc3 Re8 13. a3 Bb7 14. Bf4 Ba5 15. e5
dxe5 16. dxe5 Bxc3 17. bxc3 Qxd1 18. Raxd1 Nh5 19. Bh2 Na5 20. Bd5 c6 21. Ba2
g5 22. Rd7 Rf8 23. e6 Bc8 24. exf7+ Kh8 25. Be5+ Ng7 26. Rc7 Nc4 27. Bxc4 bxc4
28. Bd6 Be6 29. Bxf8 Rxf8 30. Ne5 Kh7 31. g4 1-0

[Event "Alekhine"]
[Site "Gatineau CAN"]
[Date "2023.02.14"]
[Round "5"]
[White "Guimond, Michel"]
[Black "Groleau, Gilles"]
[Result "1-0"]
[WhiteElo "1879"]
[BlackElo "1864"]
[PlyCount "81"]
[EventDate "2023.01.17"]
[EventType "swiss"]
[EventRounds "7"]
[EventCountry "CAN"]
[TimeControl "90+30"]

1. e4 c5 2. Nf3 e6 3. d4 cxd4 4. Nxd4 Nf6 5. Nc3 d6 6. Bg5 Be7 7. Qd2 a6 8.
O-O-O b5 9. a3 Bb7 10. f3 O-O 11. g3 Nc6 12. Nce2 Qc7 13. Bh3 Rfe8 14. Be3 Ne5
15. Qc3 Qxc3 16. Nxc3 d5 17. Nxe6 fxe6 18. Bxe6+ Kf8 19. exd5 Nc4 20. Bf4 Bd6
21. Ne4 Bxf4+ 22. gxf4 Nxe4 23. fxe4 Rad8 24. f5 Rd6 25. Rhg1 Bc8 26. Rdf1 Bxe6
27. fxe6+ Kg8 28. Rf7 g6 29. Rc7 Rf8 30. b3 Nb6 31. Rb7 Nc8 32. Rg2 Re8 33. Rc7
Ne7 34. c4 bxc4 35. bxc4 Rdd8 36. Rb2 Rc8 37. Rbb7 Rxc7 38. Rxc7 Nc8 39. c5 g5
40. d6 Rxe6 41. d7 1-0

[Event "Alekhine"]
[Site "Gatineau CAN"]
[Date "2023.02.14"]
[Round "5"]
[White "Palsson, Halldor"]
[Black "Latreille, Etienne"]
[Result "1-0"]
[WhiteElo "1920"]
[BlackElo "2082"]
[PlyCount "123"]
[EventDate "2023.01.17"]
[EventType "swiss"]
[EventRounds "7"]
[EventCountry "CAN"]
[TimeControl "90+30"]

1. d4 d5 2. c4 c6 3. Nf3 Nf6 4. Nc3 a6 5. c5 Bf5 6. Bf4 Nbd7 7. e3 Nh5 8. Bg5
h6 9. Bh4 g5 10. Bg3 Nxg3 11. hxg3 Bg7 12. Bd3 Bxd3 13. Qxd3 e5 14. Qf5 exd4
15. exd4 Qf6 16. Qxf6 Bxf6 17. O-O-O Nf8 18. g4 Ne6 19. Ne2 b6 20. cxb6 Rb8 21.
Ng3 Rxb6 22. Nf5 Rb4 23. a3 Ra4 24. Kb1 Kd7 25. Ka2 Ra5 26. Rxh6 Rxh6 27. Nxh6
Ke8 28. Nf5 c5 29. dxc5 Rxc5 30. Rd2 a5 31. Ne1 Kd7 32. f3 Rb5 33. Nd3 a4 34.
Nb4 d4 35. g3 Ra5 36. Rh2 Nc5 37. f4 Nb3 38. Nd3 Ra6 39. Rc2 Ra5 40. Rc4 Nd2
41. Rb4 Nb3 42. Rb7+ Ke6 43. Rb6+ Kd5 44. Rxf6 Ke4 45. Ne5 d3 46. Rd6 gxf4 47.
Nxd3 f3 48. Nf2+ Ke5 49. Rd1 Kf6 50. Nh4 Re5 51. Nxf3 Re2 52. g5+ Kg6 53. Nd3
Re3 54. Nde5+ Kf5 55. Rf1 Ke6 56. g4 Re4 57. Rh1 Rf4 58. Rh6+ Ke7 59. Ra6 Re4
60. Nxf7 Rc4 61. N7e5 Re4 62. g6 1-0

[Event "Alekhine"]
[Site "Gatineau CAN"]
[Date "2023.02.14"]
[Round "5"]
[White "Raymond, Daniel"]
[Black "Thompson, Francis"]
[Result "1-0"]
[WhiteElo "1714"]
[BlackElo "1741"]
[PlyCount "51"]
[EventDate "2023.01.17"]
[EventType "swiss"]
[EventRounds "7"]
[EventCountry "CAN"]
[TimeControl "90+30"]

1. e4 c6 2. c4 d5 3. exd5 cxd5 4. cxd5 Qxd5 5. Nc3 Qd8 6. d4 Nf6 7. Nf3 e6 8.
Bb5+ Bd7 9. Qe2 Bxb5 10. Qxb5+ Qd7 11. O-O a6 12. Qb3 Nc6 13. Rd1 Na5 14. Qc2
Rc8 15. Ne5 Qc7 16. Qe2 Bd6 17. Bf4 O-O 18. Rac1 Qb8 19. Ne4 Rfd8 20. Nxf6+
gxf6 21. Bh6 f5 22. Qh5 Bxe5 23. Qg5+ Kh8 24. dxe5 Rxd1+ 25. Rxd1 Qxe5 26. Rd8+
1-0

[Event "Alekhine"]
[Site "Gatineau CAN"]
[Date "2023.02.21"]
[Round "6"]
[White "Azar, Sebastien"]
[Black "Palsson, Halldor"]
[Result "1-0"]
[WhiteElo "2035"]
[BlackElo "1920"]
[PlyCount "81"]
[EventDate "2023.01.17"]
[EventType "swiss"]
[EventRounds "7"]
[EventCountry "CAN"]

1. a3 e6 2. d4 d5 3. c4 c6 4. e3 Nf6 5. Nf3 Bd6 6. Nc3 Ne4 7. Nxe4 dxe4 8. Nd2
f5 9. g3 O-O 10. Bg2 Nd7 11. O-O c5 12. b4 cxd4 13. exd4 Nf6 14. Qb3 Qe8 15. f3
exf3 16. Nxf3 Ng4 17. Bf4 Bxf4 18. gxf4 Qh5 19. Rae1 Qh6 20. h3 Nf6 21. Ng5 Nh5
22. Nxe6 Bxe6 23. Rxe6 Rf6 24. Rxf6 Nxf6 25. Qg3 Rb8 26. Qg5 Qh5 27. Bd5+ Kf8
28. Qxh5 Nxh5 29. Kg2 g6 30. Kf3 Ng7 31. Rd1 Ke7 32. c5 Kf6 33. Bc4 h6 34. d5
g5 35. b5 Nh5 36. fxg5+ hxg5 37. d6 Ng7 38. c6 bxc6 39. bxc6 Ne6 40. Bxe6 Kxe6
41. d7 1-0

[Event "Alekhine"]
[Site "Gatineau CAN"]
[Date "2023.02.21"]
[Round "6"]
[White "Brault, Jean-Francois"]
[Black "Guimond, Michel"]
[Result "0-1"]
[WhiteElo "1461"]
[BlackElo "1879"]
[PlyCount "37"]
[EventDate "2023.01.17"]
[EventType "swiss"]
[EventRounds "7"]
[EventCountry "CAN"]

1. Nf3 d6 2. d4 g6 3. c4 Bg7 4. e3 c6 5. b3 Bg4 6. Bb2 Nd7 7. Be2 e5 8. e4 Qa5+
9. Nbd2 Bxf3 10. Bxf3 exd4 11. O-O c5 12. Re1 Bh6 13. Nf1 Ne5 14. Be2 Nf6 15.
Qc2 O-O 16. g3 d3 17. Bxd3 Nf3+ 18. Kg2 Nxe1+ 19. Rxe1 0-1

[Event "Alekhine"]
[Site "Gatineau CAN"]
[Date "2023.02.21"]
[Round "6"]
[White "Filion, Yves"]
[Black "Blais, Robert"]
[Result "0-1"]
[WhiteElo "1607"]
[BlackElo "1464"]
[PlyCount "53"]
[EventDate "2023.01.17"]
[EventType "swiss"]
[EventRounds "7"]
[EventCountry "CAN"]

1. e4 e5 2. Nf3 d6 3. Bc4 Be7 4. d3 Bg4 5. Nbd2 Nf6 6. c3 c5 7. h3 Be6 8. Bxe6
fxe6 9. Qb3 Qd7 10. Ng5 d5 11. Ndf3 Bd6 12. Nxe6 Nc6 13. exd5 Na5 14. Qa3 Nxd5
15. Nxg7+ Qxg7 16. Qxa5 Qxg2 17. Rg1 Qxf3 18. Qb5+ Kf7 19. Qxb7+ Be7 20. Rg3
Qh1+ 21. Kd2 Rhd8 22. c4 Rab8 23. Qxa7 Nf4 24. Kc3 Ne2+ 25. Kc2 Nxg3 26. Bg5
Qb7 27. Qxc5 0-1

[Event "Alekhine"]
[Site "Gatineau CAN"]
[Date "2023.02.21"]
[Round "6"]
[White "Godbout, Elliott"]
[Black "Jacques, Olivier"]
[Result "1-0"]
[WhiteElo "1445"]
[BlackElo "1291"]
[PlyCount "57"]
[EventDate "2023.01.17"]
[EventType "swiss"]
[EventRounds "7"]
[EventCountry "CAN"]
[TimeControl "90+30"]

1. d4 d5 2. c4 c6 3. Nf3 Nf6 4. e3 a6 5. Nc3 Bf5 6. Bd3 Bxd3 7. Qxd3 e6 8. O-O
Bb4 9. a3 Bxc3 10. bxc3 O-O 11. cxd5 cxd5 12. c4 dxc4 13. Qxc4 Nc6 14. Bb2 Rc8
15. Rac1 Qd5 16. Qxd5 Nxd5 17. Rfd1 Rc7 18. e4 Nf4 19. Rc2 Rd8 20. g3 Ng6 21.
d5 exd5 22. exd5 Rcd7 23. Rcd2 Nce7 24. d6 Nc6 25. h4 f6 26. Rd3 Nh8 27. Bc1
Nf7 28. Bf4 h6 29. Nd4 1-0

[Event "Alekhine"]
[Site "Gatineau CAN"]
[Date "2023.02.21"]
[Round "6"]
[White "Latreille, Etienne"]
[Black "Desjardins, Michel"]
[Result "1/2-1/2"]
[WhiteElo "2082"]
[BlackElo "1852"]
[Annotator ",User"]
[PlyCount "41"]
[EventDate "2023.01.17"]
[EventType "swiss"]
[EventRounds "7"]
[EventCountry "CAN"]
[TimeControl "240+2"]

1. e4 d5 2. exd5 Qxd5 3. Nc3 Qd6 4. d4 Nf6 5. Nb5 Qb6 6. a4 a6 7. a5 Qe6+ 8.
Be3 axb5 9. Bxb5+ Bd7 10. Be2 Nc6 11. c4 Qd6 12. c5 Qd5 13. Bf3 Qf5 14. Qb3
Rxa5 15. Rd1 Ra7 16. d5 Na5 17. Qb4 Ra8 18. Ra1 Nxd5 19. Bxd5 Qxd5 20. Rxa5 Rd8
21. c6 1/2-1/2

[Event "Alekhine"]
[Site "Gatineau CAN"]
[Date "2023.02.21"]
[Round "6"]
[White "Marenger, Vincent"]
[Black "Cotillard, Tristan"]
[Result "0-1"]
[WhiteElo "1629"]
[BlackElo "1420"]
[PlyCount "62"]
[EventDate "2023.01.17"]
[EventType "swiss"]
[EventRounds "7"]
[EventCountry "CAN"]
[TimeControl "90+30"]

1. d4 d5 2. c4 e6 3. Nc3 Nf6 4. Nf3 Nc6 5. a3 Be7 6. Bf4 O-O 7. c5 Nh5 8. Qd2
Nxf4 9. Qxf4 f6 10. Qd2 e5 11. dxe5 fxe5 12. b4 d4 13. Qa2+ Kh8 14. Ne4 Bf5 15.
Qc2 Qd5 16. Nfd2 Rad8 17. e3 d3 18. Qc4 Qxc4 19. Nxc4 Bxe4 20. f3 Bg6 21. Rd1
e4 22. f4 Bf6 23. g3 Bh5 24. Rb1 Bc3+ 25. Kf2 d2 26. Be2 Bf7 27. Rhd1 Bxc4 28.
Bxc4 Ne5 29. Be2 Nd3+ 30. Bxd3 Rxd3 31. Rb3 Rf6 0-1

[Event "Alekhine"]
[Site "Gatineau CAN"]
[Date "2023.02.21"]
[Round "6"]
[White "Scantland, Patrick"]
[Black "Rioux, Jocelyn"]
[Result "1/2-1/2"]
[WhiteElo "1709"]
[BlackElo "1618"]
[PlyCount "68"]
[EventDate "2023.01.17"]
[EventType "swiss"]
[EventRounds "7"]
[EventCountry "CAN"]
[TimeControl "90+30"]

1. d4 d5 2. Nf3 Nf6 3. c4 c6 4. g3 e6 5. Bg2 Nbd7 6. Qc2 Bb4+ 7. Bd2 Qa5 8. O-O
Ne4 9. a3 Bxd2 10. Nfxd2 Nxd2 11. Nxd2 O-O 12. b4 Qd8 13. e4 dxc4 14. Nxc4 Nb6
15. Rfd1 Nxc4 16. Qxc4 Qe7 17. e5 Bd7 18. Qc5 Rae8 19. Qxa7 Ra8 20. Qc5 Rfe8
21. a4 b6 22. Qxe7 Rxe7 23. b5 Rc8 24. bxc6 Bxc6 25. d5 exd5 26. Bxd5 Bxd5 27.
Rxd5 Ree8 28. f4 Rc2 29. Rb5 Rd8 30. Rxb6 Rdd2 31. Rab1 Rg2+ 32. Kf1 Rgf2+ 33.
Kg1 Rg2+ 34. Kf1 Rgf2+ 1/2-1/2

[Event "Alekhine"]
[Site "Gatineau CAN"]
[Date "2023.02.21"]
[Round "6"]
[White "Thompson, Francis"]
[Black "Dupont-Mageau, Nicolas"]
[Result "1-0"]
[WhiteElo "1741"]
[BlackElo "1763"]
[PlyCount "43"]
[EventDate "2023.01.17"]
[EventType "swiss"]
[EventRounds "7"]
[EventCountry "CAN"]
[BlackTeam "CA"]

1. e4 Nf6 2. e5 Nd5 3. d4 d6 4. Be2 Nc6 5. c4 Nb6 6. exd6 cxd6 7. Nc3 g6 8. Be3
Bg7 9. a3 O-O 10. Nf3 Qc7 11. O-O a6 12. Rc1 f5 13. Nd5 Nxd5 14. cxd5 f4 15.
Bd2 e5 16. dxe5 dxe5 17. dxc6 b5 18. Qb3+ Kh8 19. Bb4 Rf5 20. Rfd1 Rh5 21. Bd6
Qa7 22. Nxe5 1-0

[Event "Alekhine"]
[Site "Gatineau CAN"]
[Date "2023.02.28"]
[Round "7"]
[White "Arvisais, Eric"]
[Black "Chacon, Jose"]
[Result "0-1"]
[WhiteElo "1185"]
[BlackElo "1900"]
[PlyCount "48"]
[EventDate "2023.01.17"]
[EventType "swiss"]
[EventRounds "7"]
[EventCountry "CAN"]
[TimeControl "90+30"]

1. d4 Nf6 2. c4 e5 3. dxe5 Ng4 4. Nf3 Bc5 5. e3 Nc6 6. e6 fxe6 7. Nc3 O-O 8.
Be2 Nce5 9. h3 Nxf3+ 10. Bxf3 Ne5 11. Be4 c6 12. Qc2 Qh4 13. O-O d5 14. cxd5
exd5 15. Bd3 Bd6 16. Be2 Bf5 17. Qd1 Rad8 18. a3 Bxh3 19. g3 Nf3+ 20. Bxf3 Bxg3
21. Qe2 Bh2+ 22. Kh1 Bxf1 23. Qxf1 Bg3+ 24. Kg2 Qh2# 0-1

[Event "Alekhine"]
[Site "Gatineau CAN"]
[Date "2023.02.28"]
[Round "7"]
[White "Brault, Jean-Francois"]
[Black "Filion, Yves"]
[Result "1-0"]
[WhiteElo "1461"]
[BlackElo "1607"]
[PlyCount "111"]
[EventDate "2023.01.17"]
[EventType "swiss"]
[EventRounds "7"]
[EventCountry "CAN"]

1. Nf3 d5 2. c4 e6 3. cxd5 exd5 4. d4 Bg4 5. Qb3 b6 6. g3 Bxf3 7. Qxf3 Bb4+ 8.
Nc3 h6 9. Bd2 Nf6 10. Bg2 c6 11. Qe3+ Qe7 12. Qxe7+ Bxe7 13. Rc1 O-O 14. O-O
Bb4 15. Ne4 Bxd2 16. Nxd2 Re8 17. e3 Nfd7 18. Bh3 Nf6 19. Bg2 Rc8 20. e4 Nbd7
21. Rc2 dxe4 22. Nxe4 Nxe4 23. Bxe4 Nf6 24. Bxc6 Rab8 25. Rfc1 Rd8 26. Rd1 Rd6
27. Bf3 Rbd8 28. Rcd2 g5 29. g4 Re8 30. Kf1 Rde6 31. d5 Rd6 32. Re1 Rxe1+ 33.
Kxe1 Kf8 34. Ke2 Ke7 35. Ke3 Kd7 36. Kd4 Ne8 37. Rc2 Nc7 38. Rc6 Rxc6 39. dxc6+
Kd6 40. Ke4 Ke6 41. a4 a5 42. Kd4 Kd6 43. Be4 Ne6+ 44. Kc4 Nc5 45. Kb5 Nxe4 46.
Kxb6 Kd5 47. c7 Nd6 48. Kxa5 Kc6 49. b4 Kxc7 50. Ka6 Ne4 51. a5 Kb8 52. b5 Nc5+
53. Kb6 Na4+ 54. Kc6 Nc3 55. b6 Ne4 56. a6 1-0

[Event "Alekhine"]
[Site "Gatineau CAN"]
[Date "2023.02.28"]
[Round "7"]
[White "Cotillard, Tristan"]
[Black "Jacques, Olivier"]
[Result "1-0"]
[WhiteElo "1420"]
[BlackElo "1291"]
[PlyCount "123"]
[EventDate "2023.01.17"]
[EventType "swiss"]
[EventRounds "7"]
[EventCountry "CAN"]
[TimeControl "90+30"]

1. e4 d5 2. exd5 Qxd5 3. Nc3 Qa5 4. d4 Nf6 5. Bd2 c6 6. Nf3 Bf5 7. Bc4 e6 8. a3
Nbd7 9. O-O Qc7 10. Ne2 Bd6 11. Ng3 Bg6 12. Re1 O-O 13. Bb3 c5 14. c3 c4 15.
Bc2 b5 16. Bxg6 hxg6 17. Bg5 Nd5 18. Ne4 Bf4 19. g3 Bxg5 20. Nfxg5 N7f6 21. Nc5
Nb6 22. Qf3 Qe7 23. Qc6 Nfd5 24. h4 a6 25. Qb7 Qd8 26. a4 Re8 27. Qxf7+ Kh8 28.
Ncxe6 Qf6 29. Qxf6 gxf6 30. Nf7+ Kg8 31. Nd6 Re7 32. axb5 axb5 33. Rxa8+ Nxa8
34. Nxb5 Rb7 35. Ra1 Rxb5 36. Rxa8+ Kf7 37. Nf4 Nxf4 38. gxf4 Ke6 39. Re8+ Kf5
40. Re2 Kxf4 41. Kg2 Kg4 42. Rd2 Rd5 43. Re2 Kxh4 44. Re6 Kg5 45. Rc6 Rb5 46.
Rc5+ Rxc5 47. dxc5 Kf5 48. Kf3 Ke5 49. c6 Kd6 50. c7 Kxc7 51. Ke4 Kd6 52. Kd4
f5 53. f4 g5 54. fxg5 Ke6 55. Ke3 Kf7 56. Kd4 Kg6 57. Kxc4 f4 58. Kd3 Kxg5 59.
b4 Kg4 60. Ke2 Kg3 61. Kf1 Kf3 62. b5 1-0

[Event "Alekhine"]
[Site "Gatineau CAN"]
[Date "2023.02.28"]
[Round "7"]
[White "Desjardins, Michel"]
[Black "Bastien, Andre"]
[Result "1-0"]
[WhiteElo "1852"]
[BlackElo "1766"]
[PlyCount "93"]
[EventDate "2023.01.17"]
[EventType "swiss"]
[EventRounds "7"]
[EventCountry "CAN"]

1. e4 e5 2. Nc3 Nc6 3. Bc4 Nf6 4. d3 Be7 5. f4 d6 6. Nf3 h6 7. O-O Bg4 8. h3
Bxf3 9. Qxf3 Nd4 10. Qf2 c6 11. a4 Qd7 12. Be3 Ne6 13. fxe5 dxe5 14. Kh1 Nd4
15. a5 g5 16. Rac1 Ne6 17. Qf5 Qd6 18. Bxe6 Qxe6 19. Na4 Nh5 20. Qxe6 fxe6 21.
Kh2 Nf4 22. Nc5 b6 23. Nb3 c5 24. Ra1 O-O 25. g3 Ne2 26. Rxf8+ Rxf8 27. axb6
axb6 28. Ra7 Bd8 29. Rd7 Nd4 30. Bxd4 exd4 31. Kg2 Bf6 32. Rd6 Rb8 33. Rxe6 Kf7
34. Rc6 h5 35. g4 hxg4 36. hxg4 Be5 37. Nd2 Bf4 38. Nc4 Kg7 39. Nxb6 Rh8 40.
Rxc5 Rh2+ 41. Kg1 Re2 42. Nd5 Bg3 43. Ne7 Bf4 44. Nf5+ Kf7 45. b4 Rd2 46. b5
Rd1+ 47. Kf2 1-0

[Event "Alekhine"]
[Site "Gatineau CAN"]
[Date "2023.02.28"]
[Round "7"]
[White "Elsayed, Ahmed"]
[Black "Marenger, Vincent"]
[Result "1-0"]
[WhiteElo "1700"]
[BlackElo "1629"]
[PlyCount "63"]
[EventDate "2023.01.17"]
[EventType "swiss"]
[EventRounds "7"]
[EventCountry "CAN"]

1. e4 c5 2. c3 Nc6 3. d4 e6 4. Nf3 cxd4 5. cxd4 Nf6 6. Nc3 Bb4 7. Bd3 O-O 8.
O-O b6 9. a3 Be7 10. Qc2 g6 11. e5 Nd5 12. Nxd5 exd5 13. Qb3 Bb7 14. Bh6 Re8
15. Be3 Na5 16. Qd1 Nc4 17. Qe2 Rc8 18. Rac1 Na5 19. Rxc8 Bxc8 20. b4 Nb7 21.
Qd2 d6 22. Rc1 dxe5 23. dxe5 Bg4 24. Nd4 Bd7 25. Nb5 Qb8 26. f4 a6 27. Nc7 Rc8
28. Nxd5 Bf8 29. Nf6+ Kg7 30. Nxd7 Qa8 31. Rxc8 Qxc8 32. Nxf8 1-0

[Event "Alekhine"]
[Site "Gatineau CAN"]
[Date "2023.02.28"]
[Round "7"]
[White "Guimond, Michel"]
[Black "Azar, Sebastien"]
[Result "0-1"]
[WhiteElo "1879"]
[BlackElo "2035"]
[PlyCount "134"]
[EventDate "2023.01.17"]
[EventType "swiss"]
[EventRounds "7"]
[EventCountry "CAN"]

1. e4 c5 2. Bc4 Nc6 3. f4 e6 4. Nc3 g6 5. a4 Bg7 6. Nf3 d6 7. O-O Nge7 8. Ba2
O-O 9. d3 Nd4 10. Ne2 a6 11. Nfxd4 cxd4 12. Bd2 d5 13. Ng3 dxe4 14. Nxe4 Nd5
15. Bxd5 Qxd5 16. Bb4 Re8 17. Qe1 a5 18. Ba3 f5 19. Nd6 Rd8 20. Nc4 Ra6 21. Qh4
b6 22. Rf3 Bb7 23. Rg3 Qd7 24. Re1 Bd5 25. Ne5 Bxe5 26. fxe5 Rc8 27. Qh6 Raa8
28. Re2 Qg7 29. Qf4 Rd8 30. h4 h6 31. Be7 Rd7 32. Bf6 Qh7 33. Rd2 Bc6 34. b3
Re8 35. Kf2 Kf7 36. Rd1 Rc8 37. Qd2 Rdc7 38. Qe2 Bd5 39. Rd2 Rc3 40. Rh3 Qg8
41. Rh1 R8c7 42. Rb1 Qc8 43. Rb2 Qa8 44. Kg1 Qf8 45. Ra2 Qc5 46. Qf2 Rc8 47. g4
Ke8 48. gxf5 gxf5 49. Qg3 Kd7 50. Qg7+ Kc6 51. Qxh6 Kb7 52. Kf2 Bc6 53. Qf4 Rg8
54. Bg5 Qd5 55. Kg3 Qh1 56. Rh2 Qe1+ 57. Qf2 Qxe5+ 58. Kh3 Qh8 59. Rg2 Rc5 60.
Rg3 f4 61. Qxf4 Rf5 62. Qd2 Rgf8 63. Ra1 Rf2 64. Qe1 Qh7 65. Qe5 R8f5 66. Qxd4
e5 67. Be3 exd4 0-1